Escuela y tolerancia

Tallennettuna:
Bibliografiset tiedot
Päätekijä: Díaz-Aguado, María José (Tekijä)
Aineistotyyppi: Kirja
Kieli:espanja
Julkaistu: Madrid Pirámide 1996
Sarja:Colección Psicología
Aiheet:
Tagit: Lisää tagi
Ei tageja, Lisää ensimmäinen tagi!

MARC

LEADER 00000nam a2200000 a 4500
001 UCN2866
003 CL-VaPUC
008 010608e19960000SP |||||||||||||||||spa|d
082 0 4 |a 306.43  |b DIA  |2 21 
100 0 |a Díaz-Aguado, María José  |e author  |9 459089 
245 1 0 |a Escuela y tolerancia 
300 |a 212 p 
942 |c BK 
945 |d 20010608 00:00:00  |a cmena 
260 |a Madrid  |b Pirámide  |c 1996 
650 0 |a Sociología de la educación   |9 260380 
650 0 |a Igualdad de oportunidades  |9 331873 
650 7 |a RELACION DOCENTE ALUMNO  |2 CL-VaPUC  |9 307734 
650 0 |a Integración social  |9 319662 
583 |a last modification  |c 20010608 00:00:00  |k Rodrigo Vera 
490 0 |a Colección Psicología 
999 |c 295886  |d 295884 
952 |0 0  |1 0  |4 0  |6 306_430000000000000_DIA_1996  |7 0  |8 A  |9 349311  |a BIBEDU  |b BIBEDU  |d 2019-11-20  |i 3697819  |o 306.43 DIA 1996  |p 3697819  |r 2019-11-20  |w 2019-11-20  |y BK  |k EPE